00375nam a2200109Ia 4500008004100000100002500041245003500066260006900101300001100170650001600181856006800197160712s9999 xx 000 0 und d aPaulma, Ma. Elena L. cMa. Elena PaulmaaThree Kisses c2011bLikhaan: The Journal of Contemporary Philippine Literature avol. 5 xSHORT STORY uhttp://journals.upd.edu.ph/index.php/lik/issue/view/295/showToc